000 00681nam a2200241 i 4500
001 C2-0083310
003 PPAK
005 20180727085410.0
008 970429s1989 maua|||| ||||| | eng d
020 _a0395510392
040 _aPPAK
_beng
_cPPAK
_erda
082 0 4 _a599.8
_223
090 0 0 _a599.8
_bPET
_dG
100 1 _aPeterson, Dale,
_eauthor
245 1 4 _aThe deluge and the ark
264 1 _aBoston, Massachusetts :
_bHoughton Mifflin ,
_c1989
300 _axviii, 378 pages :
_bcolour illustrations ;
_c23 cm
336 _2rdacontent
_atext
337 _2rdamedia
_aunmediated
338 _2rdacarrier
_avolume
650 1 0 _aPrimates - Popular works
942 _ddc
_cB
999 _c15790
_d15790